000 00558nam a2200193 a 4500
001 000031711
003 DO-SdBNP
005 20230201132819.0
008 110630s1997 dr 000 0 spa d
040 _aDO-SdBNP
_bspa
_cBNPHU
082 _axxx
_bM665
_222
100 1 _aMiniño, Manuel Marino
_938697
245 1 0 _aAspectos poco conocidos de Juan Pablo Duarte /
_cManuel Marino Miniño.
260 _aSanto Domingo :
_aInstituto Duartiano,
_c1997.
300 _a23 p. ;
_c22 cm.
590 _aInventariado, 2023 / DG
910 _aDG
942 _2ddc
_cLBS1
999 _c31203
_d31203